[Event "Serpiano op"]
[Site "Serpiano"]
[Date "2024.04.07"]
[Round "4"]
[White "Palazzi, Gianmarco"]
[Black "Bossi, Alessandro"]
[Result "0-1"]
[WhiteElo "1399"]
[BlackElo "1909"]
[PlyCount "48"]
[EventDate "2024.04.05"]
[EventType "swiss"]
[EventRounds "5"]
[EventCountry "SUI"]
[SourceTitle "CB16_2024"]
[SourceDate "2024.04.17"]
[SourceVersion "1"]
[SourceVersionDate "2024.04.17"]
[SourceQuality "1"]

1. e4 c5 2. Nf3 Nf6 3. Nc3 Nc6 4. d4 d5 5. exd5 Nxd5 6. Nxd5 Qxd5 7. c4 Qe4+ 8. Be3 cxd4 9. Nxd4 e5 10. Nxc6 bxc6 11. Qb3 Bc5 12. 0-0-0 Bxe3+ 13. Qxe3 Qxe3+ 14. fxe3 Ke7 15. c5 Be6 16. a3 Bd5 17. Be2 Bxg2 18. Rhg1 Be4 19. Rxg7 Bg6 20. Bf3 Rad8 21. b4 Rxd1+ 22. Kxd1 e4 23. Bxe4 Bxe4 24. Rg4 Bf3+ 0-1